Abby Powledge - Complete Discography - Statistics

General Stats
  • This quiz has been taken 21 times
    7 since last reset
  • The average score is 13 of 18
Answer Stats
# Title % Correct
(2024) spoiling me
100%
4. winding down
100%
1. generations in the making
83%
5. i still check your playlists
83%
3. men on the internet
83%
2. real winter
83%
6. the way that i am
83%
5. to be held
83%
1. when to step away
83%
3. and then there's me
67%
(2024) benefits
67%
(2024) help me see myself
67%
(2025) ruin me
67%
6. saved ourselves
67%
4. forgive
50%
2. getting used to getting used
50%
(2025) Home Run (pt.2)
50%
(2024) grown
33%
No matching quizzes found
Score Distribution
Percent of People with Each Score
Percentile by Number Answered
Your Score History
You have not taken this quiz since the last reset